Offshore Robotics (Record no. 3245)

000 -LEADER
fixed length control field 02890nam a22004695i 4500
007 - PHYSICAL DESCRIPTION FIXED FIELD--GENERAL INFORMATION
fixed length control field cr nn 008mamaa
008 - FIXED-LENGTH DATA ELEMENTS--GENERAL INFORMATION
fixed length control field 211018s2022 si | s |||| 0|eng d
020 ## - INTERNATIONAL STANDARD BOOK NUMBER
International Standard Book Number 9789811620782
-- 978-981-16-2078-2
040 ## - CATALOGING SOURCE
Original cataloging agency IMU Kochi Library
Language of cataloging eng
041 0# - LANGUAGE CODE
Language code of text/sound track or separate title eng
082 04 - DEWEY DECIMAL CLASSIFICATION NUMBER
Classification number 627.98
Edition number 23
245 10 - TITLE STATEMENT
Title Offshore Robotics
Medium [electronic resource] :
Sub Title Volume I Issue 1, 2021 /
250 ## - EDITION STATEMENT
Edition statement 1st ed. 2022.
300 ## - PHYSICAL DESCRIPTION
Extent V, 109 p. 39 illus., 35 illus. in color.
Other physical details online resource.
490 1# - SERIES STATEMENT
Series statement Offshore Robotics,
505 0# - FORMATTED CONTENTS NOTE
Formatted contents note Marine robotics scientific and technological discussion -- Autonomous marine vehicle design, test and launch -- Autonomous marine vehicle modeling, identification and simulation -- Marine guidance, navigation and control -- Marine robot visual servo, intelligence and autonomy -- Situation awareness, collision avoidance and decision making -- Multiple marine vehicles swarm intelligence, cooperation and optimization -- Autonomous power management system -- Safety in offshore robotics -- Information systems in offshore robotics -- AI in marine robotics -- Education in offshore robotics.
520 ## - SUMMARY, ETC.
Summary, etc This journal-like book series includes edited volumes to rapidly report and spread the latest technological results, new scientific discovery and valuable applied researches in the fields concerning offshore robotics as well as promote international academic exchange. We aim to make it one of the premier comprehensive academic publications of world offshore vehicle and robotics community. The audience of the series will include the scholars, researchers, engineers and students who are interested in fields of autonomous marine vehicles and robotics, including autonomous surface vehicles, autonomous underwater vehicles, remote operation vehicles, marine bionics, marine vehicle modeling, guidance, navigation, control and cooperation and so on.
650 #0 - SUBJECT ADDED ENTRY--TOPICAL TERM
Topical term or geographic name as entry element Offshore structures.
650 #0 - SUBJECT ADDED ENTRY--TOPICAL TERM
Topical term or geographic name as entry element Robotics.
650 #0 - SUBJECT ADDED ENTRY--TOPICAL TERM
Topical term or geographic name as entry element Control engineering.
650 #0 - SUBJECT ADDED ENTRY--TOPICAL TERM
Topical term or geographic name as entry element Automation.
650 #0 - SUBJECT ADDED ENTRY--TOPICAL TERM
Topical term or geographic name as entry element Water.
650 #0 - SUBJECT ADDED ENTRY--TOPICAL TERM
Topical term or geographic name as entry element Hydrology.
650 14 - SUBJECT ADDED ENTRY--TOPICAL TERM
Topical term or geographic name as entry element Offshore Engineering.
650 24 - SUBJECT ADDED ENTRY--TOPICAL TERM
Topical term or geographic name as entry element Robotics.
650 24 - SUBJECT ADDED ENTRY--TOPICAL TERM
Topical term or geographic name as entry element Control, Robotics, Automation.
650 24 - SUBJECT ADDED ENTRY--TOPICAL TERM
Topical term or geographic name as entry element Water.
700 1# - ADDED ENTRY--PERSONAL NAME
Personal name Su, Shun-Feng.
Relator term
Relator code edt
-- http://id.loc.gov/vocabulary/relators/edt
700 1# - ADDED ENTRY--PERSONAL NAME
Personal name Wang, Ning.
Relator term
Relator code edt
-- http://id.loc.gov/vocabulary/relators/edt
830 #0 - SERIES ADDED ENTRY--UNIFORM TITLE
Uniform title Offshore Robotics,
852 ## - LOCATION/CALL NUMBER
Location IMU Kochi Library
856 40 - ELECTRONIC LOCATION AND ACCESS
Uniform Resource Identifier <a href="https://doi.org/10.1007/978-981-16-2078-2">https://doi.org/10.1007/978-981-16-2078-2</a>
904 ## - LOCAL DATA ELEMENT D, LDD (RLIN)
CATALOGER Rudra Ranjan
905 ## - LOCAL DATA ELEMENT E, LDE (RLIN)
VERIFIER Rudra Ranjan
942 ## - ADDED ENTRY ELEMENTS (KOHA)
Item type E-Book
264 #1 -
-- Singapore :
-- Springer Nature Singapore :
-- Imprint: Springer,
-- 2022.
338 ## -
-- online resource
700 1# - ADDED ENTRY--PERSONAL NAME
-- (orcid)0000-0003-1745-1425
-- https://orcid.org/0000-0003-1745-1425
830 #0 - SERIES ADDED ENTRY--UNIFORM TITLE
-- 2662-351X

No items available.



Copyright © All Rights Reserved by Indian Maritime University, Kochi Campus.
For any Suggestions/Query Contact to library or Email: library.kochi@imu.ac.in Ph:(0484)-2989402
(Web OPAC Designed by Rudra Ranjan. Maintained by IMU Kochi Library)

Powered by Koha